| 000 | 00382cam a2200157ua 4500 | ||
|---|---|---|---|
| 003 | OSt | ||
| 008 | 250802b |||||||| |||| 00| 0 eng d | ||
| 041 | _aeng | ||
| 082 |
_a625.7 _bBAB/HI |
||
| 100 |
_aBabkov, V . _97649 |
||
| 245 | _aHighway engineering / | ||
| 260 |
_aMoscow : _bMir publishers , _c1967. |
||
| 300 | _a535 ; . | ||
| 700 | 1 |
_aZamathayev, M . _97650 |
|
| 942 | _cBK | ||
| 999 |
_c10736 _d10736 |
||